| 000 | 00512nam a22001937a 4500 | ||
|---|---|---|---|
| 005 | 20140310181719.0 | ||
| 008 | 130301t xxu||||| |||| 00| 0 eng d | ||
| 020 | _a9789712356063 | ||
| 050 |
_aLB 115 _b.Sa25 2010 |
||
| 100 | _aSalana, June P. | ||
| 245 |
_aField study 4 : _bExploring the curriculum / _c June P. Salana |
||
| 260 |
_aManila ; _bRex Book Store, _c2010. |
||
| 300 |
_a82 p. : _c26 cm. _bill. ; |
||
| 521 | _aEDU | ||
| 562 | _e1 | ||
| 942 |
_2lcc _cBK _kLOC |
||
| 999 |
_c1914 _d1914 |
||